1872 1142 1494 1515 1668 1535 1573 1253 1491 1800 1755 1887 1524 1445 1549 1151 1290 1720 1278 1015 1264 1160 1380 1859 1904 1854 1927 1114 1447 1757 1119 1417 1202 1194 1372 1426 1760 1473 1000 1011 1990 1562 1606 1366 1235 1049 1031 1765 1604 1714 1168 1612 1726 1068 1416 1630 1946 1321 1868 1605 1811 1458 1120 1076 1182 1701 1930 1278 1397 1380 1427 1218 1201 1924 1227 1172 1182 1880 1854 1027 1746 1386 1040 1329 1011 1250 1720 1811 1008 1990 1263 1272 1793 1749 1108 1682 1504 1529 1733 BCNSPRNW ULIB Ver.6.0+V

เปลี่ยนเป็นภาษาไทย

Change to English
 แสดงรายละเอียดบรรณานุกรม
  กลับหน้าหลัก

Brief Record : Get Marc (ISO 2709) : E-mail record : QR code < ปิดหน้าต่าง
LEADER : 00000nam 2200000uu 4500
001    13399113916
003     ULIB
008    120113s2552||||th 000 0 tha d
020    ^a9786165020053
090    ^aนว.^bส514ม 2552
100 0  ^aสะมะเรีย
245 00 ^aมนตราเหมันต์/^cสะมะเรีย
250    ^aพิมพ์ครั้งที่ 1
260    ^aกรุงเทพฯ :^bsugar beat,^c2552
300    ^a270 หน้า
945    ^p180^l0^i16432
995    ^aกัณชพร
999    ^aใช้งานได้ทุกระบบ
รายการนี้ยังไม่มีแท็ก
คุณยังไม่ได้ล็อกอิน คุณสามารถมีกิจกรรมร่วมกับเว็บไซต์ได้ แต่ต้องล็อกอินก่อน ::
  ล็อกอิน

รายการสื่อสารสนเทศ

ลำดับที่ ประเภท เลขเรียก/บาร์โค้ด สถานที่ สถานะ
1. วิทยาศาสตร์การแพทย์ และสุขภาพ
วิทยาศาสตร์การแพทย์ และสุขภาพ
นว. ส514ม 2552  
  Barcode: 16432
ห้องสมุดวิทยาเขตสวรรค์ประชารักษ์
►นวนิยาย
บนชั้น
  ขอยืม

BibComment


ยังไม่เคยถูกคอมเมนท์

คอมเมนท์ทรัพยากรรายการนี้
  คอมเมนท์: มนตราเหมันต์ สะม..


 Copyright 2026. Bcnsprnw @Library